=LDR 00000nam 2200000 4500 =001 INLIS000000000024567 =005 20130612123139 =008 ***********************************Ind** =035 ##$$0010-061300000024567 =041 ##$$a Ind =090 ##$$a 2X1.09, Kho k =100 ##$$a Kholil, Munawir =245 ##$$a Alquran dari masa kemasa, Munawir Kholil =260 ##$$a 1985 $b Solo =300 ##$$a 230 hlm, 21 cm =650 ##$$a Alquran =850 ##$$a NBPNMAT